000
00229nam a2200097Ia 4500
008
120527s9999 xx 000 0 und d
100
_a
PHILLIPS,Bill.
245
_a
Home mechanix guide to security.
260
_b
Wiley
942
_c
BK
999
_c
23983
_d
23983